Manažment regiónu a strediska cestovného ruchu

Recenzia publikácie: Manažment regiónu a strediska cestovného ruchu. Banská Bystrica, Vydavateľstvo Cestovateľ 1997, 160 strán. Publikácia má deväť kapitol. Spracoval ju kolektív pracovníkov Ekonomickej fakulty UMB v Banskej Bystrici. Využitie publikácie.

Salvato in:
Dettagli Bibliografici
Autore principale: Kmeco, Ľubomír
Natura: Capitolo di libro
Lingua:slovacco
Soggetti:
Tags: Aggiungi Tag
Nessun Tag, puoi essere il primo ad aggiungerne!!

MARC

LEADER 00000naa a2200000 4500
001 r033587
005 20230724104545.6
041 0 |a slo 
044 |a SK 
245 1 0 |a Manažment regiónu a strediska cestovného ruchu  |c Ľubomír Kmeco 
520 |a Recenzia publikácie: Manažment regiónu a strediska cestovného ruchu. Banská Bystrica, Vydavateľstvo Cestovateľ 1997, 160 strán. Publikácia má deväť kapitol. Spracoval ju kolektív pracovníkov Ekonomickej fakulty UMB v Banskej Bystrici. Využitie publikácie. 
610 2 0 |a strediská ruchu cestovného 
610 2 0 |a regióny 
610 2 0 |a manažment 
610 2 0 |a Slovensko 
610 2 0 |a samospráva 
610 2 0 |a ruch cestovný 
610 2 0 |a marketing 
610 2 0 |a recenzie 
100 1 |a Kmeco, Ľubomír